| 000 | 00000nam##2200000za#4500 |
| 001 | 9.644249 |
| 003 | CaOODSP |
| 005 | 20210624224545 |
| 007 | cr ||||||||||| |
| 008 | 150407|1969||||xxc|||||o f|0| 0 fre|d |
| 040 | |aCaOODSP|bfre |
| 043 | |an-cn--- |
| 086 | 1 |aA43-1057/1969F-PDF |
| 110 | 1 |aCanada.|bAgriculture Canada. |bService de l'information. |
| 245 | 10|aLutte contre les lépismes et les thermobies / |h[ressource électronique]|c[par] I.S. Creelman. |
| 250 | |aRév. |
| 260 | |aOttawa - Ontario : |bAgriculture Canada. |cc1969. |
| 300 | |a6p.|bill. |
| 500 | |aPublication historique numérisée par Agriculture et Agroalimentaire Canada. |
| 590 | |a15-03-Supp|b2015-03-13 |
| 720 | 1 |aCreelman, I. S. |
| 856 | 40|ahttp://publications.gc.ca|qPDF|s248 Ko|uhttps://publications.gc.ca/collections/collection_2015/aac-aafc/A43-1057-1969-fra.pdf |
| 986 | |aPublication 1057 |